Largest Cities/Towns in Oceania Beginning With 'P' - Statistics

General Stats
  • This quiz has been taken 61 times
  • The average score is 4 of 12
Answer Stats
# Population Country / Territory Answer % Correct
1 2,225,000 Australia Perth
100%
2 364,125 Papua New Guinea Port Moresby
92%
6 49,528 Vanuatu Port Vila
71%
3 81,200 New Zealand Palmerston North
56%
10 26,926 French Polynesia Papeete
52%
4 60,200 New Zealand Porirua
29%
5 50,104 Australia Port Macquarie
10%
9 27,000 New Zealand Pukekohe
2%
11 24,563 New Caledonia Païta
0%
7 30,400 New Zealand Paraparaumu
0%
12 23,305 United States Pukalani - Haiku-Pauwela
0%
8 28,103 French Polynesia Punaauia
0%
No matching quizzes found
Score Distribution
Percent of People with Each Score
Percentile by Number Answered
Your Score History
You have not taken this quiz